[Event "49th Rilton Cup 2019-20"]
[Site "Stockholm"]
[Date "2020.01.04"]
[Round "8.12"]
[White "Alexakis, Dimitrios"]
[Black "Sidhant, Mohapatra"]
[Result "1-0"]
[WhiteElo "2093"]
[BlackElo "2338"]
[Annotator "NA"]
[PlyCount "117"]
[EventDate "2019.12.27"]
[EventType "swiss"]
[EventCountry "SWE"]
[SourceTitle "playchess.com"]
[Source "ChessBase"]
[SourceQuality "1"]
[TimeControl "40/5400+30:1800+30"]

1. e4 {[%emt 0:09:30]} e5 {[%emt 0:00:00]} 2. Nf3 {[%emt 0:00:06]} Nc6 {[%emt 0:00:00]} 3. d4 {[%emt 0:00:03]} exd4 {[%emt 0:00:24]} 4. Nxd4 {[%emt 0:00:05]} Bc5 {[%emt 0:00:36]} 5. Nb3 {[%emt 0:00:06]} Bb6 {[%emt 0:00:08]} 6. Nc3 {[%emt 0:00:05]} Nf6 {[%emt 0:00:11]} 7. Bg5 {[%emt 0:00:07]} h6 {[%emt 0:01:40]} 8. Bh4 {[%emt 0:00:02]} d6 {[%emt 0:02:28]} 9. Qe2 {[%emt 0:00:27]} g5 {[%emt 0:06:32]} 10. Bg3 {[%emt 0:00:05]} Qe7 {[%emt 0:00:09]} 11. h4 {[%emt 0:00:16]} Rg8 {[%emt 0:00:29]} 12. O-O-O {[%emt 0:00:38]} Bd7 {[%emt 0:00:41]} 13. Nd2 {[%emt 0:20:30]} Ba5 {[%emt 0:12:50]} 14. Nd5 {[%emt 0:26:58]} Nxd5 {[%emt 0:00:14]} 15. exd5 {[%emt 0:00:01]} Qxe2 {[%emt 0:00:19]} 16. Bxe2 {[%emt 0:00:03]} Nd4 {[%emt 0:00:15]} 17. Bd3 {[%emt 0:01:43]} Bxd2+ {[%emt 0:00:50]} 18. Kxd2 {[%emt 0:09:34]} Nf5 {[%emt 0:00:20]} 19. Rde1+ {[%emt 0:01:16]} Kf8 {[%emt 0:00:25]} 20. Bxf5 {[%emt 0:00:23]} Bxf5 {[%emt 0:00:07]} 21. hxg5 {[%emt 0:01:25]} hxg5 {[%emt 0:00:30]} 22. Re3 {[%emt 0:00:15]} Kg7 {[%emt 0:04:39]} 23. Rhe1 {[%emt 0:02:22]} Rac8 {[%emt 0:03:10]} 24. f3 {[%emt 0:06:20]} c6 {[%emt 0:11:07]} 25. c3 {[%emt 0:14:02]} cxd5 {[%emt 0:00:31]} 26. Bxd6 {[%emt 0:00:03]} Kg6 {[%emt 0:04:58]} 27. g4 {[%emt 0:05:37]} Bd7 {[%emt 0:02:31]} 28. Re5 {[%emt 0:01:20]} f6 {[%emt 0:03:13]} 29. Re7 {[%emt 0:00:27]} Bc6 {[%emt 0:00:06]} 30. Bc5 {[%emt 0:00:33]} Rge8 {[%emt 0:01:00]} 31. Rxe8 {[%emt 0:00:31]} Rxe8 {[%emt 0:00:04]} 32. Rxe8 {[%emt 0:00:06]} Bxe8 {[%emt 0:00:04]} 33. Bxa7 {[%emt 0:00:03]} f5 {[%emt 0:00:37]} 34. gxf5+ {[%emt 0:01:23]} Kxf5 {[%emt 0:00:01]} 35. Ke3 {[%emt 0:00:11]} Bh5 {[%emt 0:00:43]} 36. Bb6 {[%emt 0:00:47]} Ke6 {[%emt 0:00:59]} 37. a4 g4 {[%emt 0:00:23]} 38. f4 {[%emt 0:01:00]} g3 {[%emt 0:00:14]} 39. a5 {[%emt 0:00:18]} Kf5 {[%emt 0:01:22]} 40. Bc7 {[%emt 0:00:22]} Kg4 {[%emt 0:00:14]} 41. b4 Be8 {[%emt 0:30:04]} 42. f5 {[%emt 0:07:13]} g2 {[%emt 0:00:00]} 43. Bh2 {[%emt 0:00:24]} Kxf5 {[%emt 0:00:00]} 44. Kd4 {[%emt 0:00:22]} Ke6 {[%emt 0:00:00]} 45. Kc5 {[%emt 0:00:09]} Kd7 {[%emt 0:00:00]} 46. Kxd5 {[%emt 0:02:12]} Kc8 {[%emt 0:00:00]} 47. Kc5 {[%emt 0:00:23]} Bf7 {[%emt 0:00:00]} 48. c4 {[%emt 0:04:17]} Be6 {[%emt 0:00:00]} 49. Kb5 {[%emt 0:00:51]} Bd7+ {[%emt 0:00:00]} 50. Kb6 {[%emt 0:00:06]} Be6 {[%emt 0:00:00]} 51. c5 {[%emt 0:00:44]} Bc4 {[%emt 0:00:41]} 52. b5 {[%emt 0:00:13]} Bd3 {[%emt 0:00:39]} 53. a6 {[%emt 0:00:30]} bxa6 {[%emt 0:00:14]} 54. Kxa6 {[%emt 0:00:07]} Kd7 {[%emt 0:00:48]} 55. Kb6 {[%emt 0:00:18]} Ke6 {[%emt 0:00:37]} 56. Kc6 {[%emt 0:00:54]} Be4+ {[%emt 0:00:04]} 57. Kc7 {[%emt 0:00:25]} Kd5 {[%emt 0:00:04]} 58. Bg1 {[%emt 0:00:03]} Kc4 {[%emt 0:00:06]} 59. b6 {[%emt 0:00:01]} 1-0

[Event "49th Rilton Cup 2019-20"]
[Site "Stockholm"]
[Date "2020.01.04"]
[Round "8.13"]
[White "Oratovsky, Michael"]
[Black "Dragicevic, Drazen"]
[Result "0-1"]
[WhiteElo "2423"]
[BlackElo "2294"]
[Annotator "NA RC"]
[PlyCount "70"]
[EventDate "2019.12.27"]
[EventType "swiss"]
[EventCountry "SWE"]
[SourceTitle "playchess.com"]
[Source "ChessBase"]
[SourceQuality "1"]
[TimeControl "40/5400+30:1800+30"]

1. e4 {[%emt 0:01:09]} c5 {[%emt 0:00:00]} 2. Nf3 {[%emt 0:00:11]} Nc6 {[%emt 0:00:19]} 3. Bb5 {[%emt 0:00:08]} g6 {[%emt 0:00:40]} 4. Bxc6 {[%emt 0:00:58]} bxc6 {[%emt 0:01:36]} 5. O-O {[%emt 0:00:30]} Bg7 {[%emt 0:00:11]} 6. Re1 {[%emt 0:00:07]} Nh6 {[%emt 0:01:39]} 7. c3 {[%emt 0:02:57]} O-O {[%emt 0:00:32]} 8. d4 {[%emt 0:00:26]} cxd4 {[%emt 0:04:09]} 9. cxd4 {[%emt 0:02:15]} d5 {[%emt 0:00:09]} 10. e5 {[%emt 0:00:21]} f6 {[%emt 0:00:09]} 11. e6 {[%emt 0:04:27]} a5 {[%emt 0:20:52]} 12. Bf4 {[%emt 0:18:59]} g5 {[%emt 0:06:38]} 13. Bg3 {[%emt 0:05:05]} Nf5 $14 {[%emt 0:02:12]} 14. Qc2 {[%emt 0:16:21]} Nxg3 {[%emt 0:02:52]} 15. hxg3 {[%emt 0:00:38]} f5 {[%emt 0:19:05]} 16. g4 {[%emt 0:05:14]} Qd6 {[%emt 0:15:23]} 17. gxf5 {[%emt 0:02:02]} Qf4 {[%emt 0:01:37]} 18. Qxc6 {[%emt 0:18:34]} Ra6 {[%emt 0:05:58]} 19. Qc2 {[%emt 0:11:20]} g4 {[%emt 0:01:52]} 20. Ne5 {[%emt 0:06:21]} Qxd4 {[%emt 0:05:04]} 21. Nf7 {[%emt 0:01:21]} Qxb2 {[%emt 0:02:05]} 22. Nh6+ {[%emt 0:00:45]} Kh8 {[%emt 0:00:20]} 23. Nf7+ {[%emt 0:00:19]} Rxf7 {[%emt 0:02:18]} 24. Qxc8+ {[%emt 0:00:58]} Rf8 {[%emt 0:00:02]} 25. Qxa6 {[%emt 0:00:13]} Qxa1 {[%emt 0:00:10]} 26. Qxa5 {[%emt 0:00:41]} Qd4 {[%emt 0:01:04]} 27. Qd2 {[%emt 0:00:36]} g3 {[%emt 0:00:16]} 28. Rd1 {[%emt 0:00:31]} gxf2+ {[%emt 0:00:27]} 29. Kf1 {[%emt 0:00:00]} Qg4 {[%emt 0:02:28]} 30. Qxd5 {[%emt 0:00:53]} Rxf5 {[%emt 0:00:13]} 31. Qb3 {[%emt 0:00:37]} Qh4 {[%emt 0:02:31]} 32. Rd8+ {[%emt 0:00:32]} Bf8 {[%emt 0:00:06]} 33. Qh3 {[%emt 0:00:29]} Qf4 {[%emt 0:01:48]} 34. Nd2 {[%emt 0:00:23]} Qe5 {[%emt 0:00:48]} 35. Nf3 {[%emt 0:00:33]} Rxf3 {[%emt 0:00:22]} 0-1

[Event "49th Rilton Cup 2019-20"]
[Site "Stockholm"]
[Date "2020.01.04"]
[Round "8.14"]
[White "Leenhouts, Koen"]
[Black "Percivaldi, Martin"]
[Result "1-0"]
[WhiteElo "2415"]
[BlackElo "2386"]
[Annotator "NA"]
[PlyCount "73"]
[EventDate "2019.12.27"]
[EventType "swiss"]
[EventCountry "SWE"]
[SourceTitle "playchess.com"]
[Source "ChessBase"]
[SourceQuality "1"]
[TimeControl "40/5400+30:1800+30"]

1. c4 {[%emt 0:00:00]} e6 {[%emt 0:00:27]} 2. d4 {[%emt 0:00:00]} d5 {[%emt 0:00:59]} 3. Nc3 {[%emt 0:00:10]} c6 {[%emt 0:00:47]} 4. cxd5 {[%emt 0:04:32]} exd5 {[%emt 0:00:22]} 5. Bf4 {[%emt 0:05:02]} Qb6 {[%emt 0:03:02]} 6. Qd2 {[%emt 0:03:36]} Nf6 {[%emt 0:00:17]} 7. O-O-O {[%emt 0:06:37]} Bb4 {[%emt 0:09:54]} 8. f3 {[%emt 0:02:02]} Be6 {[%emt 0:06:22]} 9. e3 {[%emt 0:03:30]} O-O {[%emt 0:03:52]} 10. Bd3 {[%emt 0:00:42]} Rc8 {[%emt 0:03:43]} 11. Kb1 {[%emt 0:09:59]} c5 {[%emt 0:04:09]} 12. Nge2 {[%emt 0:04:49]} cxd4 $14 {[%emt 0:04:05]} 13. exd4 {[%emt 0:00:07]} Nc6 {[%emt 0:00:14]} 14. Ka1 {[%emt 0:05:58]} Bxc3 {[%emt 0:16:03]} 15. bxc3 {[%emt 0:05:44]} Na5 {[%emt 0:04:56]} 16. Rb1 {[%emt 0:00:31]} Qd8 {[%emt 0:00:10]} 17. Bg5 {[%emt 0:00:51]} b6 {[%emt 0:02:11]} 18. h4 {[%emt 0:13:02]} h6 {[%emt 0:02:10]} 19. Bxh6 {[%emt 0:00:34]} gxh6 {[%emt 0:02:56]} 20. Qxh6 {[%emt 0:00:04]} Rc6 {[%emt 0:12:02]} 21. Rh3 {[%emt 0:03:39]} Bxh3 {[%emt 0:01:30]} 22. gxh3 {[%emt 0:00:11]} Ng4 {[%emt 0:00:08]} 23. Qh7+ {[%emt 0:03:14]} Kf8 {[%emt 0:01:49]} 24. hxg4 {[%emt 0:01:16]} Qf6 {[%emt 0:01:12]} 25. g5 {[%emt 0:02:47]} Qg7 {[%emt 0:04:09]} 26. Qf5 {[%emt 0:01:38]} Qg6 {[%emt 0:01:03]} 27. Qxg6 {[%emt 0:00:53]} fxg6 {[%emt 0:00:02]} 28. Nf4 {[%emt 0:00:22]} Rxc3 {[%emt 0:00:53]} 29. Nxg6+ {[%emt 0:00:31]} Kg7 {[%emt 0:01:42]} 30. Nf4 {[%emt 0:02:30]} Re8 {[%emt 0:05:17]} 31. h5 {[%emt 0:00:24]} Re3 {[%emt 0:01:09]} 32. h6+ {[%emt 0:00:07]} Kg8 {[%emt 0:02:37]} 33. g6 {[%emt 0:02:19]} Rcxd3 {[%emt 0:04:35]} 34. Nxd3 {[%emt 0:03:24]} Nc4 {[%emt 0:00:06]} 35. Nf4 {[%emt 0:00:58]} Rxf3 {[%emt 0:00:20]} 36. h7+ {[%emt 0:01:02]} Kh8 {[%emt 0:00:14]} 37. Rg1 {[%emt 0:00:25]} 1-0

[Event "49th Rilton Cup 2019-20"]
[Site "Stockholm"]
[Date "2020.01.04"]
[Round "8.15"]
[White "Valkama, Eero"]
[Black "Lokander, Martin"]
[Result "0-1"]
[WhiteElo "2249"]
[BlackElo "2397"]
[Annotator "NA"]
[PlyCount "152"]
[EventDate "2019.12.27"]
[EventType "swiss"]
[EventCountry "SWE"]
[SourceTitle "playchess.com"]
[Source "ChessBase"]
[SourceQuality "1"]
[TimeControl "40/5400+30:1800+30"]

1. e4 {[%emt 0:01:05]} c6 {[%emt 0:00:00]} 2. d4 {[%emt 0:00:37]} d5 {[%emt 0:00:00]} 3. e5 {[%emt 0:00:08]} c5 {[%emt 0:00:25]} 4. dxc5 {[%emt 0:00:29]} Nc6 {[%emt 0:00:08]} 5. Bb5 {[%emt 0:01:05]} e6 {[%emt 0:00:23]} 6. Be3 {[%emt 0:00:15]} Nge7 {[%emt 0:00:11]} 7. c3 {[%emt 0:01:14]} Bd7 {[%emt 0:00:12]} 8. Bxc6 {[%emt 0:01:49]} Bxc6 {[%emt 0:00:10]} 9. Nf3 {[%emt 0:00:10]} Nf5 {[%emt 0:00:04]} 10. Bd4 {[%emt 0:00:53]} Nxd4 {[%emt 0:00:29]} 11. Qxd4 {[%emt 0:07:05]} Qc7 {[%emt 0:00:09]} 12. b4 {[%emt 0:00:06]} b6 {[%emt 0:00:03]} 13. cxb6 {[%emt 0:00:04]} axb6 {[%emt 0:00:02]} 14. O-O {[%emt 0:00:28]} Bb5 {[%emt 0:01:40]} 15. Rc1 {[%emt 0:01:17]} Be7 {[%emt 0:00:02]} 16. Nbd2 {[%emt 0:04:30]} O-O {[%emt 0:02:13]} 17. Qe3 {[%emt 0:06:51]} Rfc8 {[%emt 0:03:37]} 18. Nd4 {[%emt 0:01:00]} Bd7 {[%emt 0:00:10]} 19. Rc2 {[%emt 0:07:05]} Ba4 {[%emt 0:00:46]} 20. Rcc1 {[%emt 0:00:45]} Ra7 {[%emt 0:01:31]} 21. f4 {[%emt 0:01:57]} Bd7 {[%emt 0:01:35]} 22. Rc2 {[%emt 0:03:00]} Ba4 {[%emt 0:00:12]} 23. Rcc1 {[%emt 0:00:09]} Bd7 {[%emt 0:00:03]} 24. Rc2 {[%emt 0:28:59]} Ba4 {[%emt 0:08:00]} 25. Rcc1 {[%emt 0:00:29]} h6 {[%emt 0:10:05]} 26. N2f3 {[%emt 0:02:28]} Bd7 {[%emt 0:03:27]} 27. a3 {[%emt 0:13:05]} Rca8 {[%emt 0:02:39]} 28. Nc2 {[%emt 0:00:12]} Ba4 {[%emt 0:00:31]} 29. Nfd4 {[%emt 0:00:24]} Rc8 {[%emt 0:08:56]} 30. Ne1 {[%emt 0:00:51]} Qb8 {[%emt 0:05:07]} 31. Nef3 {[%emt 0:05:21]} Bd7 {[%emt 0:02:08]} 32. Ne2 {[%emt 0:00:38]} Qb7 {[%emt 0:04:38]} 33. Ned4 {[%emt 0:03:20]} Qa8 {[%emt 0:02:00]} 34. Nc2 {[%emt 0:00:10]} Bd8 {[%emt 0:02:31]} 35. Kh1 {[%emt 0:01:18]} Bb5 {[%emt 0:08:22]} 36. Nfd4 {[%emt 0:00:26]} Bc4 {[%emt 0:00:34]} 37. Qg3 {[%emt 0:02:40]} g6 {[%emt 0:10:36]} 38. Re1 {[%emt 0:02:16]} Kh7 {[%emt 0:00:27]} 39. Qh3 {[%emt 0:01:18]} Qb7 {[%emt 0:06:12]} 40. Ne3 {[%emt 0:00:41]} Qc7 {[%emt 0:09:41]} 41. Ng4 {[%emt 0:07:29]} h5 {[%emt 0:00:00]} 42. Nf2 {[%emt 0:05:18]} Qe7 {[%emt 0:03:34]} 43. Nf3 {[%emt 0:07:54]} d4 {[%emt 0:03:34]} 44. Ng5+ {[%emt 0:01:27]} Kg7 {[%emt 0:00:22]} 45. Nfe4 {[%emt 0:06:53]} Bd5 {[%emt 0:00:04]} 46. cxd4 {[%emt 0:03:25]} Rc2 {[%emt 0:00:41]} 47. Rac1 {[%emt 0:00:31]} Qc7 {[%emt 0:00:56]} 48. Rxc2 {[%emt 0:02:31]} Qxc2 {[%emt 0:00:03]} 49. Qe3 {[%emt 0:01:04]} Bxg5 {[%emt 0:07:01]} 50. fxg5 {[%emt 0:00:09]} Bxe4 {[%emt 0:00:20]} 51. Qxe4 {[%emt 0:00:13]} Qxe4 {[%emt 0:00:04]} 52. Rxe4 {[%emt 0:00:04]} Rxa3 {[%emt 0:00:03]} 53. Kg1 {[%emt 0:01:21]} Rb3 {[%emt 0:00:32]} 54. d5 {[%emt 0:00:57]} exd5 {[%emt 0:00:03]} 55. Rd4 {[%emt 0:00:04]} Kf8 {[%emt 0:00:21]} 56. Kf2 {[%emt 0:00:23]} Ke7 {[%emt 0:00:05]} 57. Rxd5 {[%emt 0:00:05]} Rxb4 {[%emt 0:00:04]} 58. Rd6 {[%emt 0:00:42]} b5 {[%emt 0:02:06]} 59. Rb6 {[%emt 0:00:16]} Rb3 {[%emt 0:01:33]} 60. h4 {[%emt 0:01:03]} Rb4 {[%emt 0:01:07]} 61. g3 {[%emt 0:00:35]} Rb3 {[%emt 0:00:11]} 62. Kg2 {[%emt 0:00:37]} b4 {[%emt 0:00:52]} 63. Kf2 {[%emt 0:00:09]} Rb1 {[%emt 0:00:40]} 64. Kg2 {[%emt 0:01:15]} b3 {[%emt 0:00:06]} 65. Kh2 {[%emt 0:00:29]} Kd7 {[%emt 0:01:16]} 66. Rf6 {[%emt 0:00:31]} Ke7 {[%emt 0:00:45]} 67. Rb6 {[%emt 0:00:04]} Rb2+ {[%emt 0:00:02]} 68. Kg1 {[%emt 0:00:13]} Kd7 {[%emt 0:00:28]} 69. Rd6+ {[%emt 0:01:00]} Kc7 {[%emt 0:00:59]} 70. Rd3 {[%emt 0:00:11]} Kc6 {[%emt 0:00:14]} 71. Re3 {[%emt 0:00:49]} Kd5 {[%emt 0:00:13]} 72. Kh1 {[%emt 0:00:51]} Kd4 {[%emt 0:00:30]} 73. Rf3 {[%emt 0:00:28]} Kxe5 {[%emt 0:00:17]} 74. Kg1 {[%emt 0:00:08]} Ke4 {[%emt 0:00:07]} 75. Rc3 {[%emt 0:00:04]} Kd4 {[%emt 0:00:07]} 76. Rf3 {[%emt 0:00:04]} Ke5 0-1

[Event "49th Rilton Cup 2019-20"]
[Site "Stockholm"]
[Date "2020.01.04"]
[Round "8.16"]
[White "Blomqvist, Erik"]
[Black "Serarols Mabras, Bernat"]
[Result "1-0"]
[WhiteElo "2537"]
[BlackElo "2356"]
[Annotator "ChessBase"]
[PlyCount "77"]
[EventDate "2019.12.27"]
[EventType "swiss"]
[EventCountry "SWE"]
[SourceTitle "playchess.com"]
[Source "ChessBase"]
[SourceQuality "1"]
[TimeControl "40/5400+30:1800+30"]

1. Nf3 {[%emt 0:00:24]} d5 {[%emt 0:00:00]} 2. g3 {[%emt 0:00:17]} Nf6 {[%emt 0:00:00]} 3. Bg2 {[%emt 0:00:08]} c5 {[%emt 0:00:00]} 4. O-O {[%emt 0:02:05]} e6 {[%emt 0:00:08]} 5. d3 {[%emt 0:00:36]} Nc6 {[%emt 0:00:16]} 6. Nbd2 {[%emt 0:00:24]} Be7 {[%emt 0:00:08]} 7. e4 {[%emt 0:00:09]} O-O {[%emt 0:00:06]} 8. Re1 {[%emt 0:00:17]} Qc7 {[%emt 0:01:09]} 9. e5 {[%emt 0:04:30]} Nd7 {[%emt 0:00:06]} 10. Qe2 {[%emt 0:00:06]} b5 {[%emt 0:00:04]} 11. h4 {[%emt 0:00:35]} a5 {[%emt 0:00:02]} 12. Nf1 {[%emt 0:00:25]} Ba6 {[%emt 0:00:05]} 13. Bf4 {[%emt 0:01:01]} Rfc8 {[%emt 0:00:04]} 14. Ne3 {[%emt 0:01:25]} Qd8 {[%emt 0:00:39]} 15. Rad1 {[%emt 0:05:12]} Nb6 {[%emt 0:06:22]} 16. Ng4 {[%emt 0:04:22]} b4 {[%emt 0:05:00]} 17. Bg5 {[%emt 0:03:18]} c4 {[%emt 0:07:23]} 18. Qe3 {[%emt 0:06:48]} cxd3 {[%emt 0:11:27]} 19. cxd3 {[%emt 0:00:09]} Nd7 {[%emt 0:07:35]} 20. Qf4 {[%emt 0:03:57]} Ra7 {[%emt 0:19:48]} 21. h5 {[%emt 0:01:37]} Nc5 {[%emt 0:04:35]} 22. Bf6 {[%emt 0:13:01]} Nxd3 {[%emt 0:09:21]} 23. Qg5 {[%emt 0:23:59]} Qf8 {[%emt 0:08:16]} 24. h6 {[%emt 0:00:56]} g6 {[%emt 0:05:45]} 25. Qh4 {[%emt 0:02:10]} Nxe1 {[%emt 0:00:57]} 26. Rxe1 {[%emt 0:00:07]} Bxf6 {[%emt 0:02:12]} 27. Nxf6+ {[%emt 0:01:18]} Kh8 {[%emt 0:00:01]} 28. Ng5 {[%emt 0:00:39]} Ne7 {[%emt 0:03:02]} 29. Qf4 {[%emt 0:08:53]} Ng8 {[%emt 0:04:09]} 30. Ngxh7 {[%emt 0:09:34]} Qxh6 {[%emt 0:00:49]} 31. Ng5 {[%emt 0:00:03]} Rc4 {[%emt 0:02:05]} 32. Qd2 {[%emt 0:00:15]} Qf8 {[%emt 0:01:42]} 33. Bf1 {[%emt 0:03:34]} Rcc7 {[%emt 0:01:51]} 34. Bxa6 {[%emt 0:02:34]} Rxa6 {[%emt 0:00:04]} 35. Kg2 {[%emt 0:00:07]} Nxf6 {[%emt 0:01:28]} 36. exf6 {[%emt 0:00:02]} Kg8 {[%emt 0:00:06]} 37. Rh1 {[%emt 0:01:46]} d4 {[%emt 0:00:42]} 38. Qf4 {[%emt 0:01:00]} Qa8+ {[%emt 0:00:47]} 39. Nf3 {[%emt 0:00:29]} 1-0

[Event "49th Rilton Cup 2019-20"]
[Site "Stockholm"]
[Date "2020.01.04"]
[Round "8.17"]
[White "Valsecchi, Alessio"]
[Black "Hobber, Anders"]
[Result "1/2-1/2"]
[WhiteElo "2503"]
[BlackElo "2357"]
[Annotator "ChessBase"]
[PlyCount "66"]
[EventDate "2019.12.27"]
[EventType "swiss"]
[EventCountry "SWE"]
[SourceTitle "playchess.com"]
[Source "ChessBase"]
[SourceQuality "1"]
[TimeControl "40/5400+30:1800+30"]

1. Nf3 {[%emt 0:00:00]} d5 {[%emt 0:00:00]} 2. g3 {[%emt 0:00:00]} c6 {[%emt 0:00:15]} 3. Bg2 {[%emt 0:00:00]} Bf5 {[%emt 0:00:36]} 4. O-O {[%emt 0:01:47]} e6 {[%emt 0:01:29]} 5. d3 {[%emt 0:00:17]} h6 {[%emt 0:00:56]} 6. b3 {[%emt 0:04:59]} Nf6 {[%emt 0:01:01]} 7. Bb2 {[%emt 0:00:07]} Be7 {[%emt 0:00:32]} 8. Nbd2 {[%emt 0:00:23]} O-O {[%emt 0:00:36]} 9. c4 {[%emt 0:12:51]} Bh7 {[%emt 0:04:04]} 10. Rc1 {[%emt 0:00:24]} a5 {[%emt 0:01:49]} 11. a3 {[%emt 0:00:35]} Qb6 {[%emt 0:11:42]} 12. Rc2 {[%emt 0:07:54]} Rd8 {[%emt 0:11:52]} 13. Qa1 {[%emt 0:01:16]} c5 {[%emt 0:02:16]} 14. cxd5 {[%emt 0:05:45]} exd5 {[%emt 0:02:35]} 15. Ne5 {[%emt 0:00:24]} a4 {[%emt 0:06:46]} 16. bxa4 {[%emt 0:01:03]} Rxa4 {[%emt 0:02:26]} 17. e4 {[%emt 0:02:30]} Nc6 {[%emt 0:17:03]} 18. Nxc6 {[%emt 0:10:23]} bxc6 {[%emt 0:01:20]} 19. Re1 {[%emt 0:00:08]} Qa7 {[%emt 0:04:59]} 20. h3 {[%emt 0:02:54]} c4 {[%emt 0:04:36]} 21. dxc4 {[%emt 0:01:05]} Bxa3 {[%emt 0:02:03]} 22. Bxf6 {[%emt 0:13:14]} Be7 {[%emt 0:01:48]} 23. Qc1 {[%emt 0:03:29]} Bxf6 {[%emt 0:00:19]} 24. cxd5 {[%emt 0:00:19]} Ra1 {[%emt 0:05:38]} 25. Nb1 {[%emt 0:00:13]} Bg5 {[%emt 0:01:20]} 26. Qd1 {[%emt 0:03:11]} cxd5 {[%emt 0:02:55]} 27. h4 {[%emt 0:02:53]} Bf6 {[%emt 0:00:54]} 28. Rd2 {[%emt 0:00:29]} Rb8 {[%emt 0:03:00]} 29. Qc2 {[%emt 0:02:04]} Qb7 {[%emt 0:01:49]} 30. Rdd1 {[%emt 0:00:32]} Bxe4 {[%emt 0:00:20]} 31. Bxe4 {[%emt 0:01:24]} dxe4 {[%emt 0:00:06]} 32. Nc3 {[%emt 0:08:30]} Rxd1 {[%emt 0:00:35]} 33. Nxd1 {[%emt 0:00:36]} Re8 {[%emt 0:03:23]} 1/2-1/2

[Event "49th Rilton Cup 2019-20"]
[Site "Stockholm"]
[Date "2020.01.04"]
[Round "8.18"]
[White "Pavlovic, Milos"]
[Black "Soumya, Swaminathan"]
[Result "1/2-1/2"]
[WhiteElo "2480"]
[BlackElo "2384"]
[Annotator "ChessBase"]
[PlyCount "110"]
[EventDate "2019.12.27"]
[EventType "swiss"]
[EventCountry "SWE"]
[SourceTitle "playchess.com"]
[Source "ChessBase"]
[SourceQuality "1"]
[TimeControl "40/5400+30:1800+30"]

1. d4 {[%emt 0:00:00]} d5 {[%emt 0:02:07]} 2. Nf3 {[%emt 0:00:27]} Nf6 {[%emt 0:00:34]} 3. c4 {[%emt 0:01:07]} c6 {[%emt 0:00:03]} 4. e3 {[%emt 0:10:37]} Bg4 {[%emt 0:08:02]} 5. Nbd2 {[%emt 0:06:27]} e6 {[%emt 0:00:30]} 6. Bd3 {[%emt 0:00:10]} Nbd7 {[%emt 0:03:50]} 7. Qc2 {[%emt 0:00:21]} Bd6 {[%emt 0:08:21]} 8. b3 {[%emt 0:01:18]} Qe7 {[%emt 0:07:38]} 9. Bb2 {[%emt 0:06:33]} e5 {[%emt 0:13:10]} 10. dxe5 {[%emt 0:04:32]} Nxe5 {[%emt 0:00:13]} 11. Nxe5 {[%emt 0:04:41]} Bxe5 {[%emt 0:00:03]} 12. Bxe5 {[%emt 0:00:12]} Qxe5 {[%emt 0:00:02]} 13. O-O {[%emt 0:00:08]} O-O {[%emt 0:04:46]} 14. h3 {[%emt 0:09:20]} Bh5 15. cxd5 Qxd5 {[%emt 0:03:47]} 16. Ne4 {[%emt 0:02:38]} Nxe4 17. Bxe4 {[%emt 0:00:49]} Bg6 {[%emt 0:06:21]} 18. Bxg6 {[%emt 0:00:06]} hxg6 {[%emt 0:00:35]} 19. Rad1 {[%emt 0:00:05]} Qe6 {[%emt 0:06:33]} 20. Rd4 Rad8 {[%emt 0:12:50]} 21. Rfd1 {[%emt 0:04:04]} Qe7 22. Qd2 {[%emt 0:04:07]} Rxd4 {[%emt 0:07:46]} 23. Qxd4 {[%emt 0:00:02]} c5 24. Qa4 {[%emt 0:02:26]} Rd8 {[%emt 0:02:49]} 25. Rxd8+ {[%emt 0:00:19]} Qxd8 {[%emt 0:00:19]} 26. Qxa7 {[%emt 0:00:04]} Qd1+ {[%emt 0:00:38]} 27. Kh2 {[%emt 0:00:02]} Qd6+ {[%emt 0:00:39]} 28. f4 {[%emt 0:00:28]} b6 {[%emt 0:01:01]} 29. Qb7 {[%emt 0:12:57]} f5 {[%emt 0:03:40]} 30. Qa6 {[%emt 0:18:11]} Kh7 {[%emt 0:02:16]} 31. a4 {[%emt 0:04:34]} Qe6 {[%emt 0:04:39]} 32. Qd3 {[%emt 0:00:13]} Kh6 {[%emt 0:00:31]} 33. Kg3 {[%emt 0:05:19]} g5 {[%emt 0:00:31]} 34. Kf2 {[%emt 0:00:00]} gxf4 {[%emt 0:00:29]} 35. exf4 {[%emt 0:00:03]} g6 {[%emt 0:00:53]} 36. Qe3 {[%emt 0:04:12]} Qd5 {[%emt 0:01:09]} 37. g4 {[%emt 0:01:18]} Kh7 {[%emt 0:01:12]} 38. Kg3 {[%emt 0:00:21]} fxg4 39. hxg4 {[%emt 0:00:02]} c4 {[%emt 0:00:52]} 40. bxc4 {[%emt 0:00:49]} Qxc4 {[%emt 0:00:02]} 41. Qe7+ {[%emt 0:30:19]} Kg8 {[%emt 0:30:53]} 42. Qf6 {[%emt 0:00:00]} Qb3+ {[%emt 0:00:00]} 43. Kh4 {[%emt 0:00:00]} Qxa4 {[%emt 0:00:00]} 44. Qxg6+ {[%emt 0:00:00]} Kf8 {[%emt 0:00:00]} 45. Qd6+ {[%emt 0:00:00]} Ke8 {[%emt 0:00:00]} 46. f5 {[%emt 0:00:00]} b5 {[%emt 0:00:00]} 47. Qe6+ {[%emt 0:00:00]} Kf8 {[%emt 0:00:00]} 48. Kg5 {[%emt 0:00:00]} Qd4 {[%emt 0:00:00]} 49. f6 {[%emt 0:00:00]} Qd2+ {[%emt 0:00:41]} 50. Kh5 {[%emt 0:00:06]} Qh2+ {[%emt 0:00:41]} 51. Kg6 {[%emt 0:00:01]} Qc2+ {[%emt 0:00:13]} 52. Qf5 {[%emt 0:00:01]} Qc4 {[%emt 0:00:33]} 53. Kh6 {[%emt 0:03:41]} b4 {[%emt 0:00:32]} 54. Qe5 {[%emt 0:03:04]} Qc1+ {[%emt 0:01:07]} 55. g5 {[%emt 0:00:24]} Qh1+ {[%emt 0:00:51] Kh5} 1/2-1/2